000 00689cam a22002413a 4500
001 13136
003 PGUSA
005 20140828083301.0
008 040808s2004||||xxu|||||s|||||000 | eng d
040 _aPGUSA
_beng
042 _adc
050 4 _aBF
100 1 _aBush, David V.
_q(David Van),
_d1882-1959
245 1 4 _aThe Silence :
_bWhat It Is and How To Use It
_h[electronic resource] /
_cDavid V. Bush
260 _bProject Gutenberg,
_c2004
506 _aPublic domain in the USA.
516 _aElectronic text
653 _aNew Thought
653 _aPsychology, Applied
830 0 _aProject Gutenberg
_v13136
856 4 0 _uhttp://www.gutenberg.org/ebooks/13136
942 _cEB
999 _c242391
_d242391